| 000 | 00814nac a22001931u 4500 | ||
|---|---|---|---|
| 008 | 090318s2003 xxu||||| |||| 00| 0 ara d | ||
| 010 | _a2002332494 | ||
| 020 | _a977090807X | ||
| 035 | _a(CStRLIN)DCLN02-B2843 | ||
| 082 |
_a320.956 _bهـ ي ك |
||
| 245 | 1 | 0 |
_a:كلام في السياسة _pنهايات طرق: العربي التائه 2001 / _cمحمد حسنين هيكل |
| 250 | _aط 4 | ||
| 260 |
_aالقاهرة : _bالمصرية للنشر العربى والدولى ،2002 _c2002 |
||
| 300 |
_a290 ص ؛ _c24 سم. |
||
| 520 | _aArab countries; politics and government; Arab-Israeli conflict; 21st century. | ||
| 650 |
_913399 _aالنزاع العربي الإسرائيلي |
||
| 651 |
_921469 _aالعالم العربي _xالأحوال السياسية |
||
| 942 |
_cBB _k320.956 هـ ي ك _2ddc |
||
| 999 |
_c3769 _d3769 |
||